000 00668nam a2200277Ia 4500
005 20260324112609.0
008 008 260324s9999 xx 000 0 eng d
020 _a9781003318415
037 _aEBOOK
040 _aCRL
040 _beng
040 _cCRL
041 _2eng
041 _aeng
084 _qCRL
100 _aLily A. Arasaratnam-Smith; L. Ripley Smith
_91143365
245 0 _aCommunicating in Intercultural Spaces
260 _bTaylor and Francis
260 _c2024
365 _a
365 _b205
856 _uhttp://www.taylorfrancis.com/books/9781003318415
942 _cEBOOK
999 _c1732628
_d1732628